[Event "Asian Amateur-ch"]
[Site "Zhengzhou"]
[Date "2019.01.04"]
[Round "7"]
[White "Bagheri, Behrooz"]
[Black "Pan, Tao"]
[Result "1/2-1/2"]
[WhiteElo "1990"]
[BlackElo "1848"]
[PlyCount "26"]
[EventDate "2018.12.31"]
[EventType "swiss"]
[EventRounds "9"]
[EventCountry "CHN"]
[SourceTitle "CBM 188 Extra"]
[Source "ChessBase"]
[SourceDate "2019.02.26"]
[SourceVersion "1"]
[SourceVersionDate "2019.02.26"]
[SourceQuality "1"]

1. e4 e5 2. Nf3 Nc6 3. Bb5 Nge7 4. 0-0 d6 5. h3 Bd7 6. c3 Ng6 7. Bc4 Be7 8. Qb3 0-0 9. Qxb7 a6 10. Na3 Rb8 11. Qxa6 Ra8 12. Qb7 Rb8 13. Qa6 Ra8 1/2-1/2

[Event "Asian Amateur-ch"]
[Site "Zhengzhou"]
[Date "2019.01.04"]
[Round "8"]
[White "Pan, Tao"]
[Black "Lee, Soi Hock"]
[Result "1-0"]
[WhiteElo "1848"]
[BlackElo "2006"]
[PlyCount "59"]
[EventDate "2018.12.31"]
[EventType "swiss"]
[EventRounds "9"]
[EventCountry "CHN"]
[SourceTitle "CBM 188 Extra"]
[Source "ChessBase"]
[SourceDate "2019.02.26"]
[SourceVersion "1"]
[SourceVersionDate "2019.02.26"]
[SourceQuality "1"]

1. d4 Nf6 2. Nf3 e6 3. Bg5 h6 4. Bxf6 Qxf6 5. e4 a6 6. Bd3 d6 7. c3 Nd7 8. Nbd2 e5 9. Rc1 b6 10. Qe2 g5 11. 0-0 Bb7 12. Nc4 h5 13. Ne3 Bh6 14. Nd2 g4 15. Nf5 Bxd2 16. Qxd2 0-0-0 17. Qe2 Nb8 18. d5 h4 19. b4 Rdg8 20. a4 Kd8 21. a5 Bc8 22. axb6 Bxf5 23. bxc7+ Kxc7 24. exf5 g3 25. fxg3 h3 26. Rf2 Qh6 27. Rd1 Nd7 28. Bxa6 Rxg3 29. hxg3 hxg2 30. Rxg2 1-0